000 00563nam a2200193Ia 4500
999 _c23306
_d23306
003 OSt
005 20200214113620.0
008 190216s9999||||xx |||||||||||||| ||und||
020 _a9788182661233
040 _coclc
082 _a297
_bKAR/I
100 _aKarassery, M N
_91986
245 0 _aIslamika Rashtreeyam Vimarshikkappedunnu /
_cM N Karassery
250 _a4th ed.
260 _bMathrubhumi Printing &publishing,
_c2014.
_aKozhikode:
300 _a168p
650 _aIslamic History
942 _cBK
_2ddc
_h297
_iKAR/I
_k297
_mKAR/I